LEADER 01526nam a2200265 i 4500 001 000000026730 003 CaOOAMICUS 005 20250516150157.0 008 180830s20062016it u000 u ita u 040 $aSeMil$bita 100 1 $aTurchini, Angelo,$d<1948- >.$0(OLS)http://semarc/name/12072 245 10$aMonumenta borromaica /$cAngelo Turchini ; in collaborazione con Elisabetta Marchetti. 264 1$aCesena :$bIl ponte vecchio,$c2006-2016. 300 $a5 v. ;$c30 cm. 600 04$aBorromeo, Carlo .$0(OLS)http://semarc/subject/690 650 4$aMilano (Arcidiocesi) - Storia - Sec. 16.$0(OLS)http://semarc/subject/4270 700 1 $aMarchetti, Elisabetta,$d<1964- >.$0(OLS)http://semarc/name/12073 774 0 $t1: L'archivio di un principe della Chiesa.$z88-8312-613-0$w()214395 774 0 $t2: Milano inquisita.$z978-88-6541-081-3$w()213338 774 0 $t3: Parole di Dio, parroci e popolo.$z978-88-6541-181-0$w()213102 774 0 $t4: Cultura del libro, chierici e modernizzazione, "inventari" di biblioteche del clero della cittą e arcidiocesi di Milano.$z978-88-6541-570-2$w()253089 774 0 $t5: Per gli Acta conciliorum (1565-1582) della Provincia ecclesiastica di Milano, svolgimento e materiali dall'usura alle feste su Milano e le altre realtą diocesane.$z978-88-6541-696-9$w()343189 996 $6245$aMonumenta borromaica$9(OLS)http://semarc/title/36106 996 $6264$aCesena :$bIl ponte vecchio$9(OLS)http://semarc/publisher/36934 LEADER 01425nam a2200277 i 4500 001 000000338331 003 CaOOAMICUS 005 20230427095836.0 008 191203s2019 it u000 u ita u 020 $a978-88-10-40849-0 040 $aSeMil$bita 245 00$a3: Orientalium Ecclesiarum, Unitatis Redintegratio /$ctesti di Jean-Paul Lieggi, Angelo Maffeis, Stefano Parenti. 264 1$aBologna :$bEDB,$c2019. 300 $a428 p. ;$c21 cm. 650 4$aConcilio Vaticano II <1962-1965> - Decreti . Orientalium Ecclesiarum.$0(OLS)http://semarc/subject/8889 650 4$aConcilio Vaticano II <1962-1965> - Decreti . Unitatis Redintegratio.$0(OLS)http://semarc/subject/6358 700 1 $aLieggi, Jean-Paul,$d<1967- >.$0(OLS)http://semarc/name/93688 700 1 $aParenti, Stefano,$d<1959- >.$0(OLS)http://semarc/name/21520 700 1 $aMaffeis, Angelo,$d<1960- >.$0(OLS)http://semarc/name/2573 773 0 $aConcilio Vaticano <2. ; 1962-1965>$tCommentario ai documenti del Vaticano 2..$dBologna : EDB, 2014-2022.$w()31553 850 $aSeMil 852 $aSeMil$W1$xVenegono$y1$m2A VII 3$j271932$B229584$CSeMilBibl$Z2$F229584 $81 996 $6020$a978-88-10-40849-0$9(OLS)http://semarc/number/289343 996 $6245$a3: Orientalium Ecclesiarum, Unitatis Redintegratio$9(OLS)http://semarc/title/427210 996 $6264$aBologna :$bEDB$9(OLS)http://semarc/publisher/29669